Výber opatrení a nástrojov EÚ so zameraním na elimináciu daňových únikov a daňových podvodov

Odhad tieňovej ekonomiky v štátoch Európskej únie v roku 2017. Výber opatrení EÚ zameraných na zamedzenie daňových únikov a podvodov. Opatrenia ATAD (Anti-Tax Avoidance Directive), ktoré členské štáty implementujú do daňovej legislatívy. Iniciatíva EÚ proti narúšaniu základu dane a presunu ziskov –...

Descrizione completa

Salvato in:
Dettagli Bibliografici
Autore principale: Schultzová, Anna
Natura: Capitolo di libro
Lingua:slovacco
Soggetti:
Tags: Aggiungi Tag
Nessun Tag, puoi essere il primo ad aggiungerne!!

MARC

LEADER 00000naa$a2200000$$$4500
001 0251995
005 20240712111552.7
041 0 |a slo 
044 |a SK 
245 1 0 |a Výber opatrení a nástrojov EÚ so zameraním na elimináciu daňových únikov a daňových podvodov  |c Anna Schultzová 
520 |a Odhad tieňovej ekonomiky v štátoch Európskej únie v roku 2017. Výber opatrení EÚ zameraných na zamedzenie daňových únikov a podvodov. Opatrenia ATAD (Anti-Tax Avoidance Directive), ktoré členské štáty implementujú do daňovej legislatívy. Iniciatíva EÚ proti narúšaniu základu dane a presunu ziskov – boj proti daňovým únikom. Vplyv uplatňovaných nástrojov na daňové príjmy EÚ v rokoch 2007-2016. 
610 2 0 |a dane 
610 2 0 |a únik daňový 
610 2 0 |a podvody daňové 
610 2 0 |a legislatíva 
610 2 0 |a Európska únia 
100 1 |a Schultzová, Anna